Cómo superar la crisis económica actual (Registro nro. 5273)
[ vista simple ]
| 000 -LEADER | |
|---|---|
| fixed length control field | 01004 a2200193 4500 |
| 001 - CONTROL NUMBER | |
| control field | 53860 |
| 005 - DATE AND TIME OF LATEST TRANSACTION | |
| control field | 20260407155809.0 |
| 008 - FIXED-LENGTH DATA ELEMENTS--GENERAL INFORMATION | |
| fixed length control field | 260407a1956 arg spa d |
| 003 - CONTROL NUMBER IDENTIFIER | |
| control field | AR-UNSa-BCEJYS |
| 040 ## - CATALOGING SOURCE | |
| Original cataloging agency | AR-UNSa-BCEJYS |
| Language of cataloging | spa |
| Transcribing agency | AR-UNSa-BCEJYS |
| 080 ## - UNIVERSAL DECIMAL CLASSIFICATION NUMBER | |
| Universal Decimal Classification number | 338.2(82) |
| Common auxiliary subdivision | Política económica. Control de la economía. Gestión de la economía. Planificación económica en Argentina |
| 100 1# - MAIN ENTRY--PERSONAL NAME | |
| Personal name | Alemann, Roberto T. |
| 245 10 - TITLE STATEMENT | |
| Title | Cómo superar la crisis económica actual |
| 264 #1 - PRODUCTION, PUBLICATION, DISTRIBUTION, MANUFACTURE, AND COPYRIGHT NOTICE | |
| Place of production, publication, distribution, manufacture | Buenos Aires : |
| Name of producer, publisher, distributor, manufacturer | Selección Contable |
| Date of production, publication, distribution, manufacture, or copyright notice | 1956 |
| 300 ## - PHYSICAL DESCRIPTION | |
| Extent | 182 p. |
| Dimensions | 20 cm. |
| 505 ## - FORMATTED CONTENTS NOTE | |
| Formatted contents note | 1. Replanteo de la política económica - 2. Necesidad de una política de inversiones - 3. Ingreso, consumo e inversiones en la República Argentina - 4. Planteo general - 5. Medios específicos de la política de inversiones - 6. Sector público de las inversiones - 7. El ahorro social en la república Argentina - 8.Hacia una política argentina de inversiones |
| 590 ## - LOCAL NOTE (RLIN) | |
| Local note | niveau_biblio:m niveau_hierar:0 |
| 942 ## - ADDED ENTRY ELEMENTS (KOHA) | |
| Koha item type | |
| Withdrawn status | Lost status | Damaged status | Not for loan | Home library | Current library | Shelving location | Date acquired | Total checkouts | Full call number | Barcode | Date last seen | Price effective from | Koha item type |
|---|---|---|---|---|---|---|---|---|---|---|---|---|---|
| Biblioteca Prof. Eusebio Cleto del Rey | Biblioteca Prof. Eusebio Cleto del Rey | 07/04/2026 | 338.2(82) A367 | L20215 | 07/04/2026 | 07/04/2026 | Libro |